000 01368nam2a22003251 4500
001 v19\rc\1320892
005 20250618035458.0
035 _a(NLR Aleph) 004475412
090 _a4580991
_c4580991
100 _a20060512d1887 |||y0rusy50 ca
101 0 _arus
102 _aRU
105 _ay z |||||
200 0 _aв 1886 году
210 _d[1887]
_aБ. м.
215 _a100, 26 с.
461 0 _1001v19\rc\1320857
_12001#$aОтчет о деятельности Московского общества сельского хозяйства и его учреждений...$vв 1886 году$90
_95381566
_aАббатство святого Олбани (Хартфордшир, Великобритания)
_cМосква
_d1832-1908
_tОтчет о деятельности Московского общества сельского хозяйства и его учреждений...
_vв 1886 году$90
801 0 _aRU
_bNLR
_gpsbo
801 0 _aRU
_bRuMoRGB
_2psbo
801 1 _aRU
_bProSoft-M
_2rusmarc
852 _aNLR
_j20.89.7.95
899 _aRuMoRGB (1829-1907*)
_jT 29/21
899 _aRuMoRGB (1829-1907*)
_jG 7/49
899 _aRuMoRGB (1829-1907*)
_jT 67/296
899 _aБАН (1829-1907*)
899 _aНБ СПбГУ (1829-1896*)
899 _aГПИБ (1829-1896*)
899 _aНБ МГУ (1829-1907*)
942 _cBOOK
980 _aNB